• 首页
  • 本馆介绍
  • 公告通知
  • 最新文献
  • 馆藏检索
  • 电子资源
  • 读者导购
  • 参考咨询
  • 我的图书馆
  • 登录
  • 详细信息显示
  • 放入我的书架
  • 预约/预借图书
  • 作者相关作品
  • 分类相关作品
  • 丛书相关作品
  • 出版社相关作品

书目信息

  • 表格格式
  • 工作单格式
  • 卡片格式
题名:
《新周刊》2005年度佳作
    
 
作者: ;新周刊杂志社 编
分册:  
出版信息: 桂林   漓江出版社  2006
页数: 380页
开本: 23cm
丛书名: 中国名刊2005年度佳作系列
单 册:
中图分类: C55
科图分类:
主题词: 文摘--中国--丛刊 , 文摘
电子资源:
ISBN: 7-5407-3408-6
000 00828oam2 2200253 450
001 010040030457
005 20061029083959.56
010    @a7-5407-3408-6@dCNY24.80
100    @a20060215d2006 em y0chiy0110 ea
101 0  @achi
102    @aCN@b450000
105    @aa z 000yy
200 1  @a《新周刊》2005年度佳作@9《 xin zhou kan》 2005 nian du jia zuo@f新周刊杂志社编
210    @a桂林@c漓江出版社@d2006
215    @a380页@c图@d23cm
225 2  @a中国名刊2005年度佳作系列
330    @a本书内容包括:封面是北京,封底是上海、中国欲望、贱客来了、回忆1980年代、亲爱的谁、存在主义、在街上。
461  0 @12001 @a中国名刊2005年度佳作系列
606 0  @a文摘@y中国@x丛刊
606 0  @a文摘
690    @aC55@v4
711 02 @a新周刊杂志社@9xin zhou kan za zhi she@4编
801  0 @aCN@bRENTIAN@c20061029
905    @a10447@dC55@e179
    
    《新周刊》2005年度佳作/新周刊杂志社编.-桂林:漓江出版社,2006
    380页:图;23cm.-(中国名刊2005年度佳作系列)
    
    
    ISBN 7-5407-3408-6:CNY24.80
    本书内容包括:封面是北京,封底是上海、中国欲望、贱客来了、回忆1980年代、亲爱的谁、存在主义、在街上。
●
相关链接 在E读中查询图书 在五车中查询图书 在当当中查询图书 在豆瓣中查询图书


正题名:《新周刊》2005年度佳作     索取号:C55/179         预约/预借

序号 登录号 条形码 馆藏地/架位号 状态 备注
1 0388242   203882423   第一样本阅览室/ [索取号:C55/179] 在馆    
2 0388243   203882432   教育系资料室/ [索取号:C55/179] 在馆    
3 0388244   203882441   第一借阅区/ [索取号:C55/179] 在馆    
4 0388245   203882450   第一借阅区/ [索取号:C55/179] 在馆    
5 0388246   203882469   教育系资料室/ [索取号:C55/179] 在馆    
唐山师范学院图书馆 欢迎您!
大连网信软件有限公司© 版权所有